| 000 | 01049nam a2200253 a 4500 | ||
|---|---|---|---|
| 005 | 20200104041522.0 | ||
| 008 | 140228s1994 ag fr|||| 000 0 spa d | ||
| 040 |
_aCO-BoIAVH _cCO-BoIAVH |
||
| 041 | 0 | _aspa | |
| 044 | _aag | ||
| 082 | 0 | 4 |
_a333.72 _bT14i |
| 111 | 2 |
_aTaller Internacional sobre _cpolíticas de los sistemas de áreas protegidas en la conservación y uso sostenible de la biodiversidad en América Latina |
|
| 245 | 1 | 0 |
_aInforme del taller Internacional sobre : _bpolíticas de los sistemas de áreas protegidas en la conservación y uso sostenible de la biodiversidad en América Latina |
| 260 |
_aIguazú : _bFAO : _bPNUMA , _c1994. |
||
| 300 |
_a75 páginas ; _c26 x 19 cm. |
||
| 650 | 1 | 6 | _aAreas protegidas |
| 650 | 2 | 6 | _aConservación de biodiversidad |
| 650 | 2 | 6 | _aUso de biodiversidad |
| 650 | 2 | 6 | _aUso sostenible |
| 650 | 2 | 6 | _aPolítica |
| 662 | _cAmérica Latina | ||
| 710 | 2 | _aOrganización de las Naciones Unidas para la Alimentación y la Agricultura | |
| 942 |
_cLIBRO _2ddc |
||
| 999 |
_c1566 _d1566 |
||